Quy trình tổ chức các hoạt động học tập cho học sinh trung học phổ thông theo hướng rèn luyện kĩ năng làm việc với sách giáo khoa trong dạy học Sinh học /
Shranjeno v:
| Glavni avtor: | |
|---|---|
| Format: | Bài viết |
| Jezik: | Vietnamese |
| Teme: | |
| Oznake: |
Označite
Brez oznak, prvi označite!
|
| Thư viện lưu trữ: | Thư viện Trường Đại học Đà Lạt |
|---|
| LEADER | 00955nam a2200277 4500 | ||
|---|---|---|---|
| 001 | DLU150170013 | ||
| 005 | ##20150609 | ||
| 040 | # | # | |a DLU |b vie |
| 041 | # | # | |a vie |
| 044 | # | # | |a vn |
| 100 | # | # | |a Nguyễn Duân, |c ThS. |
| 245 | # | # | |a Quy trình tổ chức các hoạt động học tập cho học sinh trung học phổ thông theo hướng rèn luyện kĩ năng làm việc với sách giáo khoa trong dạy học Sinh học / |c Nguyễn Duân. |
| 653 | # | # | |a Dạy học Sinh học |
| 653 | # | # | |a Hoạt động học tập |
| 653 | # | # | |a Rèn luyện kĩ năng |
| 653 | # | # | |a Sách giáo khoa |
| 773 | # | # | |t Tạp chí Giáo Dục |g Số 211(1), 4/ 2009, tr.48-49 |
| 920 | # | # | |a Phòng Tạp chí -- Trung tâm Thông tin - Thư viện Trường Đại học Đà Lạt |
| 994 | # | # | |a DLU |
| 900 | # | # | |a True |
| 911 | # | # | |a Trần Thị Minh Hương |
| 925 | # | # | |a G |
| 926 | # | # | |a A |
| 927 | # | # | |a BB |
| 980 | # | # | |a Thư viện Trường Đại học Đà Lạt |